<?xml version="1.0" encoding="UTF-8"?>
<collection xmlns="http://www.loc.gov/MARC21/slim">
 <record>
  <leader>05202nam a22006255i 4500</leader>
  <controlfield tag="001">978-981-4585-30-9</controlfield>
  <controlfield tag="003">DE-He213</controlfield>
  <controlfield tag="005">20210617051843.0</controlfield>
  <controlfield tag="007">cr nn 008mamaa</controlfield>
  <controlfield tag="008">140127s2014    si |    s    |||| 0|eng d</controlfield>
  <datafield tag="020" ind1=" " ind2=" ">
   <subfield code="a">9789814585309</subfield>
   <subfield code="9">978-981-4585-30-9</subfield>
  </datafield>
  <datafield tag="024" ind1="7" ind2=" ">
   <subfield code="a">10.1007/978-981-4585-30-9</subfield>
   <subfield code="2">doi</subfield>
  </datafield>
  <datafield tag="050" ind1=" " ind2="4">
   <subfield code="a">TJ807-830</subfield>
  </datafield>
  <datafield tag="072" ind1=" " ind2="7">
   <subfield code="a">THX</subfield>
   <subfield code="2">bicssc</subfield>
  </datafield>
  <datafield tag="072" ind1=" " ind2="7">
   <subfield code="a">TEC031010</subfield>
   <subfield code="2">bisacsh</subfield>
  </datafield>
  <datafield tag="072" ind1=" " ind2="7">
   <subfield code="a">THV</subfield>
   <subfield code="2">thema</subfield>
  </datafield>
  <datafield tag="082" ind1="0" ind2="4">
   <subfield code="a">621.042</subfield>
   <subfield code="2">23</subfield>
  </datafield>
  <datafield tag="245" ind1="1" ind2="0">
   <subfield code="a">Large Scale Renewable Power Generation</subfield>
   <subfield code="h">[electronic resource] :</subfield>
   <subfield code="b">Advances in Technologies for Generation, Transmission and Storage /</subfield>
   <subfield code="c">edited by Jahangir Hossain, Apel Mahmud.</subfield>
  </datafield>
  <datafield tag="250" ind1=" " ind2=" ">
   <subfield code="a">1st ed. 2014.</subfield>
  </datafield>
  <datafield tag="264" ind1=" " ind2="1">
   <subfield code="a">Singapore :</subfield>
   <subfield code="b">Springer Singapore :</subfield>
   <subfield code="b">Imprint: Springer,</subfield>
   <subfield code="c">2014.</subfield>
  </datafield>
  <datafield tag="300" ind1=" " ind2=" ">
   <subfield code="a">XII, 462 p. 285 illus., 170 illus. in color.</subfield>
   <subfield code="b">online resource.</subfield>
  </datafield>
  <datafield tag="336" ind1=" " ind2=" ">
   <subfield code="a">text</subfield>
   <subfield code="b">txt</subfield>
   <subfield code="2">rdacontent</subfield>
  </datafield>
  <datafield tag="337" ind1=" " ind2=" ">
   <subfield code="a">computer</subfield>
   <subfield code="b">c</subfield>
   <subfield code="2">rdamedia</subfield>
  </datafield>
  <datafield tag="338" ind1=" " ind2=" ">
   <subfield code="a">online resource</subfield>
   <subfield code="b">cr</subfield>
   <subfield code="2">rdacarrier</subfield>
  </datafield>
  <datafield tag="347" ind1=" " ind2=" ">
   <subfield code="a">text file</subfield>
   <subfield code="b">PDF</subfield>
   <subfield code="2">rda</subfield>
  </datafield>
  <datafield tag="490" ind1="1" ind2=" ">
   <subfield code="a">Green Energy and Technology,</subfield>
   <subfield code="x">1865-3529</subfield>
  </datafield>
  <datafield tag="505" ind1="0" ind2=" ">
   <subfield code="a">Taxonomy of Uncertainty Modeling techniques in Renewable Energy System Studies -- Probabilistic Modeling and Statistical Characteristics of Aggregate Wind Power -- Conversion Efficiency Improvement in GaAs Solar Cells -- Emerging SMES Technology into Energy Storage Systems and Smart Grid Applications -- Multilevel Converters for Step-up-Transformer-less Direct Integration of Renewable Generation Units with Medium Voltage Smart Microgrids -- A Review of Interconnection Rules for Large Scale Renewable Power Generation -- Resiliency Analysis of Large-Scale Renewable Enriched Power Grid – A Network Percolation Based Approach -- Frequency Control and Inertial Response Schemes for the Future Power Networks -- Active Power and Frequency Control Considering Large Scale RES -- Impact of Large Penetration of Correlated Wind Generation on Power System Reliability -- HVDC Transmission for Offshore Wind Farm -- Wind Farm Protection -- Wind Power Plants and FACTS devices influence in the performance of distance relays -- Protection Schemes for Meshed VSC-HVDC Transmission Systems for Large-Scale Offshore Wind Farms -- Control of Emerging Brushless Doubly-Fed Reluctance Wind Turbine Generators -- Energy Hub Management with Intermittent Wind Power -- Adopting the IEC Common Information Model to Enable Smart Grid Interoperability and Knowledge Representation Processes.</subfield>
  </datafield>
  <datafield tag="520" ind1=" " ind2=" ">
   <subfield code="a">This book focuses on the issues of integrating large-scale renewable power generation into existing grids. The issues covered in this book include different types of renewable power generation along with their transmission and distribution, storage, and protection. It also contains the development of medium voltage converters for step-up-transformer-less direct grid integration of renewable generation units, grid codes and resiliency analysis for large-scale renewable power generation, active power and frequency control, and HVDC transmission. The emerging SMES technology for controlling and integrating large-scale renewable power systems is also discussed. Since the protection issues with large-scale distributed renewable power systems are different compared to the existing protection system for one way power flow, this book includes a new protection technique for renewable generators along with the inclusion of current status of smart grid. This book is a good reference for the researchers who are working the area of renewable power generation and smart grids.</subfield>
  </datafield>
  <datafield tag="650" ind1=" " ind2="0">
   <subfield code="a">Renewable energy resources.</subfield>
  </datafield>
  <datafield tag="650" ind1=" " ind2="0">
   <subfield code="a">Energy systems.</subfield>
  </datafield>
  <datafield tag="650" ind1=" " ind2="0">
   <subfield code="a">Electronics.</subfield>
  </datafield>
  <datafield tag="650" ind1=" " ind2="0">
   <subfield code="a">Microelectronics.</subfield>
  </datafield>
  <datafield tag="650" ind1=" " ind2="0">
   <subfield code="a">Energy policy.</subfield>
  </datafield>
  <datafield tag="650" ind1=" " ind2="0">
   <subfield code="a">Energy and state.</subfield>
  </datafield>
  <datafield tag="650" ind1=" " ind2="0">
   <subfield code="a">Physical measurements.</subfield>
  </datafield>
  <datafield tag="650" ind1=" " ind2="0">
   <subfield code="a">Measurement   .</subfield>
  </datafield>
  <datafield tag="650" ind1="1" ind2="4">
   <subfield code="a">Renewable and Green Energy.</subfield>
   <subfield code="0">https://scigraph.springernature.com/ontologies/product-market-codes/111000</subfield>
  </datafield>
  <datafield tag="650" ind1="2" ind2="4">
   <subfield code="a">Energy Systems.</subfield>
   <subfield code="0">https://scigraph.springernature.com/ontologies/product-market-codes/115000</subfield>
  </datafield>
  <datafield tag="650" ind1="2" ind2="4">
   <subfield code="a">Energy Systems.</subfield>
   <subfield code="0">https://scigraph.springernature.com/ontologies/product-market-codes/115000</subfield>
  </datafield>
  <datafield tag="650" ind1="2" ind2="4">
   <subfield code="a">Electronics and Microelectronics, Instrumentation.</subfield>
   <subfield code="0">https://scigraph.springernature.com/ontologies/product-market-codes/T24027</subfield>
  </datafield>
  <datafield tag="650" ind1="2" ind2="4">
   <subfield code="a">Energy Policy, Economics and Management.</subfield>
   <subfield code="0">https://scigraph.springernature.com/ontologies/product-market-codes/112000</subfield>
  </datafield>
  <datafield tag="650" ind1="2" ind2="4">
   <subfield code="a">Measurement Science and Instrumentation.</subfield>
   <subfield code="0">https://scigraph.springernature.com/ontologies/product-market-codes/P31040</subfield>
  </datafield>
  <datafield tag="700" ind1="1" ind2=" ">
   <subfield code="a">Hossain, Jahangir.</subfield>
   <subfield code="e">editor.</subfield>
   <subfield code="4">edt</subfield>
   <subfield code="4">http://id.loc.gov/vocabulary/relators/edt</subfield>
  </datafield>
  <datafield tag="700" ind1="1" ind2=" ">
   <subfield code="a">Mahmud, Apel.</subfield>
   <subfield code="e">editor.</subfield>
   <subfield code="4">edt</subfield>
   <subfield code="4">http://id.loc.gov/vocabulary/relators/edt</subfield>
  </datafield>
  <datafield tag="710" ind1="2" ind2=" ">
   <subfield code="a">SpringerLink (Online service)</subfield>
  </datafield>
  <datafield tag="773" ind1="0" ind2=" ">
   <subfield code="t">Springer Nature eBook</subfield>
  </datafield>
  <datafield tag="776" ind1="0" ind2="8">
   <subfield code="i">Printed edition:</subfield>
   <subfield code="z">9789814585316</subfield>
  </datafield>
  <datafield tag="776" ind1="0" ind2="8">
   <subfield code="i">Printed edition:</subfield>
   <subfield code="z">9789814585293</subfield>
  </datafield>
  <datafield tag="776" ind1="0" ind2="8">
   <subfield code="i">Printed edition:</subfield>
   <subfield code="z">9789811011863</subfield>
  </datafield>
  <datafield tag="830" ind1=" " ind2="0">
   <subfield code="a">Green Energy and Technology,</subfield>
   <subfield code="x">1865-3529</subfield>
  </datafield>
  <datafield tag="856" ind1="4" ind2="0">
   <subfield code="u">https://doi.org/10.1007/978-981-4585-30-9</subfield>
  </datafield>
  <datafield tag="912" ind1=" " ind2=" ">
   <subfield code="a">ZDB-2-ENE</subfield>
  </datafield>
  <datafield tag="912" ind1=" " ind2=" ">
   <subfield code="a">ZDB-2-SXEN</subfield>
  </datafield>
  <datafield tag="950" ind1=" " ind2=" ">
   <subfield code="a">Energy (SpringerNature-40367)</subfield>
  </datafield>
  <datafield tag="950" ind1=" " ind2=" ">
   <subfield code="a">Energy (R0) (SpringerNature-43717)</subfield>
  </datafield>
 </record>
</collection>
